000 00800nam a2200241Ia 4500
003 OSt
005 20220923220232.0
006 a|||||r|||| 00| 0
007 ta
008 220922b |||||||| |||| 00| 0 hin d
024 _a185,314
037 _cTextual
040 _aARTS
_cARTS
_bhin
041 _2hin
_ahin
082 _aO152,2xN5, N09
100 _aशरण, गिरिराज, संपा.
245 0 _aअन्धविश्वास विरोध के एकंाकी
246 _aAndhavishvās virodh ke ekanākī
260 _aदिल्ली
_b प्रभात प्रकाशन
_c1990
300 _a126 पृ.
_ccm.
942 _hO152,2xN5, N09
_cTEXL
_2CC
999 _c338560
_d338560